00959nam a2200289 a 4500001001000000003000900010005001700019007001000036008004000046020001800086040002200104092001700126100004100143245008000184260003500264300002800299440002700327650001900354650002300373910002600396930003300422942001200455952010500467956004100572956004100613999001500654000000317DO-SdBNP20150213153708.0000000317081218s2007 dr a 000 0 spa d a9789945442069 aBPMETbspacBPMET a823.8bS847i1 aStevenson, Robert Louis,b1850- 189413aLa isla del tesoro /cRobert Louis Stevenson ; ilustraciones José Lovera. aSanto Domingo :bTaller c2007 a223 p. :bil., c24 cm. 0aClásicos Universales 4aNOVELA INGLESA 4aLITERATURA INGLESA aVM / DG / VG /WM / MF 1lBND01mLF1820090711f01pHD 2ddccBK 00102ddc40708DOMaBPMETbBPMETd2015-02-13l0pBPMET15041211r2015-02-13t1 ej. w2015-02-13yBK aBATCH-UPDb10c20091221lBND01h1402 aTMEREDITHb10c20111004lBND01h1013 c7396d7396